Statistics for Air Vanuatu Destinations-Port Vila

Click here to take the quiz!

General Stats

  • This quiz has been taken 22 times
  • The average score is 5 of 17

Answer Stats

CountryAirport% Correct
AustraliaSydney
100%
AustraliaBrisbane
94%
New ZealandAuckland
94%
New CaledoniaNoumea
72%
FijiNadi
67%
VanuatuLuganville
33%
VanuatuTanna
6%
VanuatuNorsup
6%
VanuatuSangafa
0%
VanuatuTongoa
0%
VanuatuSouth West Bay
0%
VanuatuLonorore
0%
VanuatuPaama Island
0%
VanuatuLamen Bay
0%
VanuatuIpota
0%
VanuatuCraig Cove
0%
VanuatuValesdir
0%

Score Distribution

Percentile by Number Answered

Percent of People with Each Score

Your Score History

You have not taken this quiz